[Event "World School-ch U13"]
[Site "Sochi"]
[Date "2016.12.09"]
[Round "7"]
[White "Aldabergenov, Alrami"]
[Black "Koldaev, Dungar"]
[Result "1/2-1/2"]
[WhiteElo "1817"]
[BlackElo "2001"]
[PlyCount "75"]
[EventDate "2016.12.03"]
[EventType "swiss"]
[EventRounds "9"]
[EventCountry "RUS"]
[SourceTitle "EXT 2018"]
[Source "ChessBase"]
[SourceDate "2017.10.13"]
[SourceVersion "1"]
[SourceVersionDate "2017.10.13"]
[SourceQuality "1"]

1. e4 e6 2. Qe2 c5 3. b3 Nc6 4. Nf3 d6 5. Bb2 e5 6. g3 g6 7. Bg2 Bg7 8. 0-0 Nge7 9. d3 0-0 10. Nbd2 h6 11. a4 Be6 12. Nc4 Qc7 13. Bc3 b6 14. Nfd2 a6 15. a5 b5 16. Nb6 Rad8 17. Nd5 Bxd5 18. exd5 Nd4 19. Qd1 Ndf5 20. Bb2 b4 21. Nc4 Nc8 22. Qe2 Rfe8 23. Rae1 Na7 24. Qd2 Nb5 25. f4 h5 26. Bh3 Nbd4 27. Bxd4 Nxd4 28. f5 Qb7 29. f6 Bf8 30. Bg2 Kh7 31. Be4 Bh6 32. Qd1 Rh8 33. Rf2 Kg8 34. h4 Qd7 35. Kg2 Kf8 36. Ref1 Rg8 37. Kh2 Ke8 38. Bg2 1/2-1/2

[Event "World School-ch U13"]
[Site "Sochi"]
[Date "2016.12.08"]
[Round "5"]
[White "Sargsyan, Anatoly"]
[Black "Koldaev, Dungar"]
[Result "0-1"]
[WhiteElo "1616"]
[BlackElo "2001"]
[PlyCount "64"]
[EventDate "2016.12.03"]
[EventType "swiss"]
[EventRounds "9"]
[EventCountry "RUS"]
[SourceTitle "EXT 2018"]
[Source "ChessBase"]
[SourceDate "2017.10.13"]
[SourceVersion "1"]
[SourceVersionDate "2017.10.13"]
[SourceQuality "1"]

1. d4 d5 2. Bf4 Nf6 3. e3 e6 4. Nf3 c5 5. c3 Nc6 6. Nbd2 Bd6 7. Bg3 0-0 8. Bd3 Qe7 9. Ne5 Bxe5 10. dxe5 Nd7 11. f4 f5 12. Nf3 h6 13. Bh4 Qf7 14. Rg1 c4 15. Bc2 Nc5 16. g4 g6 17. Qe2 Ne4 18. gxf5 exf5 19. 0-0-0 Kh7 20. Be1 Be6 21. h4 b5 22. Qh2 Rh8 23. h5 gxh5 24. Bh4 Rhg8 25. Rxg8 Rxg8 26. Rh1 b4 27. Ba4 Qc7 28. Bxc6 Qxc6 29. Nd4 Qa6 30. cxb4 Qxa2 31. Nxe6 c3 32. bxc3 Rg2 0-1

[Event "World School-ch U13"]
[Site "Sochi"]
[Date "2016.12.06"]
[Round "4"]
[White "Koldaev, Dungar"]
[Black "Abramov, Ilya1111"]
[Result "0-1"]
[WhiteElo "2001"]
[BlackElo "1859"]
[PlyCount "59"]
[EventDate "2016.12.03"]
[EventType "swiss"]
[EventRounds "9"]
[EventCountry "RUS"]
[SourceTitle "EXT 2018"]
[Source "ChessBase"]
[SourceDate "2017.10.13"]
[SourceVersion "1"]
[SourceVersionDate "2017.10.13"]
[SourceQuality "1"]

1. e4 Nf6 2. e5 Nd5 3. d4 d6 4. Nf3 Nc6 5. c4 Nb6 6. exd6 exd6 7. Be2 Be7 8. 0-0 Bg4 9. b3 0-0 10. Bb2 Bf6 11. Nbd2 Re8 12. h3 Bh5 13. Re1 Qd7 14. Rc1 h6 15. a3 a5 16. Qc2 Bg6 17. Bd3 Bxd3 18. Qxd3 g6 19. Bc3 Bg7 20. d5 Ne5 21. Nxe5 Bxe5 22. Ne4 Qf5 23. Bd2 g5 24. g4 Qg6 25. Qf3 Nd7 26. Ng3 Bb2 27. Rxe8+ Rxe8 28. Rd1 Ne5 29. Qe2 Qc2 30. Bc1 0-1

[Event "World School-ch U13"]
[Site "Sochi"]
[Date "2016.12.03"]
[Round "1"]
[White "Babayan, Arman S"]
[Black "Koldaev, Dungar"]
[Result "0-1"]
[WhiteElo "1607"]
[BlackElo "2001"]
[PlyCount "46"]
[EventDate "2016.12.03"]
[EventType "swiss"]
[EventRounds "9"]
[EventCountry "RUS"]
[SourceTitle "EXT 2018"]
[Source "ChessBase"]
[SourceDate "2017.10.13"]
[SourceVersion "1"]
[SourceVersionDate "2017.10.13"]
[SourceQuality "1"]

1. e4 e6 2. d4 d5 3. Nd2 c5 4. exd5 exd5 5. Ngf3 Nc6 6. dxc5 Bxc5 7. Nb3 Bb6 8. h3 Nf6 9. Bg5 Bxf2+ 10. Kxf2 Ne4+ 11. Kg1 Nxg5 12. Nxg5 Qxg5 13. Qe1+ Be6 14. Nc5 Qe7 15. Nxe6 fxe6 16. Qf2 Qf6 17. Qxf6 gxf6 18. Bb5 Ke7 19. Rd1 Ne5 20. Rd4 a6 21. Be2 Rhc8 22. c3 b5 23. Kf2 Rab8 0-1